000 00558pam a2200217 a 4500
001 4242424
005 20180213034130.0
008 831017s1985 nyua j 001 0 eng
010 _a 83022223
020 _a0070098131
040 _aDLC
_cDLC
_dDLC
041 _aeng
042 _alcac
080 _a808..89282 rob
082 0 0 _a808..89282 rob
_219
100 _a23
101 _agju
245 0 0 _aEncounters /
_ceditors, G. Robert Carlsen, Ruth Christoffer Carlsen.
906 _a7
_bcbc
_corignew
_d1
_eocip
_f19
_gy-gencatlg
942 _2ddc
_cBK
999 _c42341
_d42341